000 01294cam a2200349 i 4500
001 4129328
003 OSt
005 20110721115823.0
008 760430s1975 enk b 001 0 eng
010 _a 76360043
015 _aGB75-17390
020 _a0420446206 :
_c£4.00
040 _aDLC
_cDLC
_dDLC
041 1 _aengdan
050 0 0 _aK5065
_b.R667 1975
082 0 0 _a345.04 ROS
100 1 _aRoss, Alf,
_d1899-
_91970
240 1 0 _aSkyld, ansvar og straf.
_lEnglish
245 1 0 _aOn guilt, responsibility, and punishment /
_cby Alf Ross ; [translated from the Danish by Alastair Hannay and Thomas E. Sheahan].
260 _aLondon :
_bStevens,
_c1975.
300 _ax, 183 p. ;
_c23 cm.
500 _aTranslation of Skyld, ansvar og straf.
504 _aIncludes bibliographical references and index.
650 0 _aGuilt (Law)
_91971
650 0 _aCriminal liability.
_91972
650 0 _aPunishment.
_91973
906 _a7
_bcbc
_corignew
_d3
_encip
_f19
_gy-gencatlg
942 _2ddc
_cBK
999 _c723
_d723